000 00629pam a2200217 a 4500
001 2805609
005 20180103041913.0
008 820701s1983 nyua b 001 0 eng
010 _a 82013007
020 _a0070529817
040 _aDLC
_cDLC
_dDLC
041 _aeng
080 _a305.4 BAR
082 0 0 _a305.4 BAR
_219
100 1 _a50
101 _aSOC
245 1 0 _aLifeprints :
_cGrace Baruch, Rosalind Barnett, Caryl Rivers.
504 _aIncludes bibliographical references and index.
906 _a7
_bcbc
_corignew
_d1
_eocip
_f19
_gy-gencatlg
942 _2ddc
_cBK
999 _c39609
_d39609